| 000 | 00411nam a22001697a 4500 | ||
|---|---|---|---|
| 003 | CEME | ||
| 005 | 20210628203555.0 | ||
| 008 | 210317b xxu||||| |||| 00| 0 eng d | ||
| 020 | _a0-7494-1591-6 | ||
| 040 | _c. | ||
| 082 | _a658.312404 RAC'F | ||
| 100 |
_aSmith, Brenda , Race, Phil _966327 |
||
| 245 | _a500 tips for trainers | ||
| 260 |
_aLONDON _bKOGAN PAGE _c1995 |
||
| 300 | _a128P | ||
| 942 |
_cBK _2ddc |
||
| 999 |
_c574309 _d574309 |
||